000 00621nam a2200229Ia 4500
003 OSt
005 20230607090200.0
008 210423s2011 xx 000 0 und d
020 _a9788183762694
040 _cAL
041 _aeng
082 _a361.3 SINI
100 _aSINGH (Krishna Kant);SINGH (Ram Shankar)
_9120888
245 _aIntroduction to social work
260 _aJaipur
_bA B D Publishers
_c2011
300 _av,296
_bHB
365 _b995
_cINR
650 _aSocial Problems & Social Welfare
_9120889
650 _aSocial Work
_9120890
906 _aIntroduction ; social ; work
942 _2ddc
_cBK
999 _c176068
_d176068